| 000 | 00682cam a22002293a 4500 | ||
|---|---|---|---|
| 001 | 39820 | ||
| 003 | PGUSA | ||
| 005 | 20140828083904.0 | ||
| 008 | 120527s2012||||xxu|||||s|||||000 | eng d | ||
| 040 |
_aPGUSA _beng |
||
| 042 | _adc | ||
| 100 | 1 |
_aBangs, John Kendrick, _d1862-1922 |
|
| 245 | 1 | 0 |
_aMollie and the Unwiseman _h[electronic resource] / _cJohn Kendrick Bangs |
| 260 |
_bProject Gutenberg, _c2012 |
||
| 506 | _aPublic domain in the USA. | ||
| 516 | _aElectronic text | ||
| 700 | 1 |
_aLevering, Albert, _d1869-1929 |
|
| 700 | 1 |
_aDwiggins, Clare Victor, _d1874-1958 |
|
| 830 | 0 |
_aProject Gutenberg _v39820 |
|
| 856 | 4 | 0 | _uhttp://www.gutenberg.org/ebooks/39820 |
| 942 | _cEB | ||
| 999 |
_c269073 _d269073 |
||